00309nam a2200133Ia 4500008004100000082001700041100002200058245002400080250000600104260000900110300000800119630002400127730002400151100122s9999 xx 000 0 und d b10466a332.4 aCROWTHER GEOFFREY aAN OUTLINE OF MONEY a1 c1958 a417 aAN OUTLINE OF MONEY aAN OUTLINE OF MONEY